000 00712nam a22002177a 4500
003 UA-OsUOA
001 122099
007 ta
008 20170410b un ||||| |||| 00| 0 ukr d
100 _aБедлінський О.
090 _a81
_bБ38
942 _cSA
040 _aUA-OsUOA
_bukr
_cUA-OsUOA
_dUA-OsUOA
245 _aЗапозичена лексика чи світогляд свого народу?
300 _aС. 27-32
955 _a0
041 _aukr
080 _a81
773 0 _w122095
_tУкраїнська мова і література в школі
_dК.
_d2017
_g1
650 7 _a8 Мовознавство. Художня література. Літературознавство
_2UDC
999 _c408038
_d408038